000 00276nam a2200097Ia 4500
008 240331s9999 xx 000 0 und d
082 _bBEY
100 _aOxaal, I. ed
245 0 _aBeyond the sociology of development :
_beconomy and society in Latin America and Africa
942 _cL
999 _c2781
_d2781